ਕੇਸਗੜ੍ਹ ਦੇ ਕਿੰਗਰੇ / (Record no. 70823)

MARC details
000 -LEADER
fixed length control field 00967nam a22002657a 4500
005 - DATE AND TIME OF LATEST TRANSACTION
control field 2009080405165.0
008 - FIXED-LENGTH DATA ELEMENTS--GENERAL INFORMATION
fixed length control field 090728t xxu||||| |||| 00| 0 pun d
010 ## - LCCN (DPL NO)
LC control number PUN-7391
020 ## - INTERNATIONAL STANDARD BOOK NUMBER
Terms of availability 120.00
035 ## - SYSTEM CONTROL NUMBER
System control number PN-6509
037 ## - SOURCE OF ACQUISITION
Source of stock number/acquisition DBAD / PUB/Tarlochan Pub
040 ## - CATALOGING SOURCE
Original cataloging agency dpl
Language of cataloging PN
082 ## - DEWEY DECIMAL CLASSIFICATION NUMBER
Classification number 851
100 ## - MAIN ENTRY--PERSONAL NAME
9 (RLIN) 37323
Personal name ਸ਼ੇਰ ਸਿੰਘ ਕੰਵਲ
245 ## - TITLE STATEMENT
Title ਕੇਸਗੜ੍ਹ ਦੇ ਕਿੰਗਰੇ /
Statement of responsibility, etc ਸ਼ੇਰ ਸਿੰਘ ਕੰਵਲ
246 ## - VARYING FORM OF TITLE
Title proper/short title Kesgarh de kingre
Remainder of title by Sher Singh Kanwal
260 ## - PUBLICATION, DISTRIBUTION, ETC. (IMPRINT)
Place of publication, distribution, etc Chandigarh
Name of publisher, distributor, etc Tarlochan Pub
Date of publication, distribution, etc 2011
270 ## - ADDRESS
Address 3236, Sector-15 D,
City Chandi Garh
Telephone number 0172-4613236
300 ## - PHYSICAL DESCRIPTION
Extent 84ਪਂ;
Other physical details 25ਸੇਂਮੀ(ਸਜਿਲਦ)
650 ## - SUBJECT ADDED ENTRY--TOPICAL TERM
9 (RLIN) 37324
650 ## - SUBJECT ADDED ENTRY--TOPICAL TERM
9 (RLIN) 37325
700 ## - ADDED ENTRY--PERSONAL NAME
9 (RLIN) 52947
942 ## - ADDED ENTRY ELEMENTS (KOHA)
Source of classification or shelving scheme Dewey Decimal Classification
Item type Punjabi Bks
Classification part 851
Call number suffix ਸ਼ੇਰਸਿੰ
Holdings
Withdrawn status Lost status Source of classification or shelving scheme Damaged status Not for loan Collection code Home library Current library Date acquired Source of acquisition Cost, normal purchase price Total Checkouts Full call number Barcode Date last seen Copy number Cost, replacement price Koha item type
    Dewey Decimal Classification     Non-fiction D.B.Act.Division D.B.Act.Division 11/10/2012 DBAD / PUB 120.00   851 ਸ਼ੇਰਸਿੰ PN-6509 11/10/2012 1 120.00 Punjabi Bks

© Delhi Public Library
Hit Counter
free hit counter